Area de manejo especial La Macarena (Registro nro. 18459)

Detalles MARC
000 -CABECERA
Campo de control 00685nem a2200217 u 4500
005 - FECHA Y HORA DE LA ULTIMA TRANSACCION
Campo de control 20180803170245.0
008 - ELEMENTOS DE LONGITUD FIJA—INFORMACION GENERAL
Campo de control 160504b2011 c ||||| |a|| 00| 0 spa d
040 ## - FUENTE DE CATALOGACIÓN
Agencia catalogadora original CO-BoIAVH
Agencia transcriptora CO-BoIAVH
041 ## - IDIOMA
Código de idioma para texto/pista de sonido o título separado Español
044 ## - PAÍS DE PUBLICACIÓN
País de publicación Colombia
090 ## - CLASIFICACIÓN LOCAL
Colección MC-
Consecutivo 0134
100 1# - ASIENTO PRINCIPAL--NOMBRE PERSONAL
Nombre personal Mellizo, Olga.
245 1# - MENCION DE TITULO
Título Area de manejo especial La Macarena
Parte restante del título Decreto Ley 1989
Medio físico [Material Cartografico]
260 ## - PUBLICACION, DISTRIBUCION, ETC. (PIE DE IMPRENTA)
Lugar de publicación, distribución, etc. Bogotá
Nombre del editor, distribuidor, etc. IAvH
Fecha de publicación, distribución, etc. 2011
300 ## - DESCRIPCION FISICA
Extensión 1 mapa ;
Otros detalles físicos Color
Dimensiones 48 x 35 cm
650 14 - ASIENTO SECUNDARIO DE MATERIA - TERMINO TEMATICO
Término temático o nombre geográfico como elemento de entrada Parque nacionales natures
Subdivisión geográfica La Macarena
650 16 - ASIENTO SECUNDARIO DE MATERIA - TERMINO TEMATICO
Término temático o nombre geográfico como elemento de entrada Geografía
650 16 - ASIENTO SECUNDARIO DE MATERIA - TERMINO TEMATICO
Término temático o nombre geográfico como elemento de entrada Hidrografía
Subdivisión geográfica Marcarena
710 ## - ASIENTO SECUNDARIO - NOMBRE CORPORATIVO
Nombre corporativo o de jurisdicción como elemento de entrada Parques nacionales naturales de Colombia
942 ## - ELEMENTOS ADICIONALES (KOHA)
Sistema de clasificación Local
Tipo de ítem Mapa
Existencias
Withdrawn status Lost status Sistema de Clasificación Damaged status No para préstamo Colección Ubicación Permanente Ubicación actual Fecha de adquisición Total Checkouts Número topográfico Inventario / Código de Barras Date last seen Date checked out Ejemplar Price effective from Tipo de material
    Local       Bogotá Bogotá 04/05/2016 1 MC-0134 040084 24/09/2018 24/09/2018 Ej. 1 04/05/2016 Mapa